| 000 | 00844nac a22001931u 4500 | ||
|---|---|---|---|
| 008 | 080928s ua|||||r|||| 000 0 ara d | ||
| 020 | _a9772960648 | ||
| 082 |
_a214.32 _bن ج ا _222 |
||
| 245 |
_aالاسلام .. والسياسة: _bبحث فى أصول النظرية السياسية ونظام الحكم فى الاسلام/ _cتأليف حسين فوزى النجار |
||
| 260 |
_aالقاهرة : _bمطابع دار الشعب1977، _c1977. |
||
| 300 |
_a326 ص؛ _c24سم |
||
| 504 | _aببليوجرافية: ص313-324 | ||
| 541 |
_aألف باء ؛ _cشراء ؛ |
||
| 650 |
_aالإسلام والسياسة _913370 |
||
| 650 |
_aالإسلام _916934 _xالنظام السياسي في |
||
| 650 |
_aالإسلام، نظام الحكم في _916935 |
||
| 650 |
_aالخلافة _913391 |
||
| 942 |
_cBB _k214.32 ن ج ا _2ddc |
||
| 999 |
_c6224 _d6224 |
||